HOW TO BUY AND IBMPC OR COMPITABLE COMPUTER (Record no. 574381)
[ view plain ]
| 000 -LEADER | |
|---|---|
| fixed length control field | 00269nam a22001097a 4500 |
| 082 ## - DEWEY DECIMAL CLASSIFICATION NUMBER | |
| Classification number | 004.16 GOO'H |
| 100 ## - MAIN ENTRY--PERSONAL NAME | |
| Personal name | GOODMAN, DANNY |
| 9 (RLIN) | 66404 |
| 245 ## - TITLE STATEMENT | |
| Title | HOW TO BUY AND IBMPC OR COMPITABLE COMPUTER |
| 260 ## - PUBLICATION, DISTRIBUTION, ETC. | |
| Place of publication, distribution, etc. | NEWYORK |
| Name of publisher, distributor, etc. | PC WORLD BOOK |
| Date of publication, distribution, etc. | 1984 |
| 300 ## - PHYSICAL DESCRIPTION | |
| Extent | 207P |
| 942 ## - ADDED ENTRY ELEMENTS (KOHA) | |
| Koha item type | Book |
| Withdrawn status | Lost status | Damaged status | Not for loan | Permanent Location | Current Location | Shelving location | Date acquired | Total Checkouts | Full call number | Barcode | Date last seen | Price effective from | Koha item type |
|---|---|---|---|---|---|---|---|---|---|---|---|---|---|
| College of Electrical & Mechanical Engineering (CEME) | College of Electrical & Mechanical Engineering (CEME) | General Stacks | 07/31/2017 | 004.16 GOO'H | CEME-22684 | 06/28/2021 | 06/28/2021 | Book |
